000 00514nam a2200157 a 4500
005 20140130092610.0
008 140130b2006 ck ||||| |||| 00| 0 spa d
041 _aspa
044 _ack
090 _aIAVH
_b01218
100 _aVélez Llinás, Juliana
_95258
245 _aQué es justo y equitativo en una distribución de beneficios derivados del uso de los recursos genéticos, productos derivados y del componente intangible asociado?
260 _aBogota
_bIAvH
_c2006
300 _a32 p.
942 _cImpreso
_2z
999 _c6563
_d6563